000 00255nam a2200097Ia 4500
008 240331s9999 xx 000 0 und d
082 _bHER
100 _aHerskovits, M.F
245 0 _aCulturalanthropology :
_babridged revision of man and his works
942 _cL
999 _c2094
_d2094